| 000 | 01108nam a22002417a 4500 | ||
|---|---|---|---|
| 005 | 20250407151645.0 | ||
| 010 | _aHIN-109599 HIN-129655 | ||
| 020 |
_c200.00 _a9788171249589 |
||
| 020 | _c250.00 | ||
| 035 | _aHN-81945 HN-102001 | ||
| 037 | _bDBAD/PUB | ||
| 082 | _aक | ||
| 100 |
_aशर्मा, अरूणकुमार _980412 |
||
| 245 |
_aवक्रेश्वर की भैरवी / _cअरूणकुमार शर्मा |
||
| 250 | _aतीसरा | ||
| 260 |
_aवाराणसी (उ.प्र.) _bविश्वविद्यालय प्रकाशन _c2013 |
||
| 260 | _c2022 | ||
| 270 |
_aपो.बाँ.1149,विशालाक्षी भवन, चौक _bवाराणसी (उ.प्र.) _e221001 _k(0542)-2413741 _msales@vvpbooks.com |
||
| 300 |
_a204प्. _b22 सेमी (अजिल्द) |
||
| 500 | _aसत्य घटनाऔे पर आधारित यौग तंत्रपरक कथाएँ | ||
| 650 |
_aहिन्दी लघु-कथाए _980413 |
||
| 942 |
_2ddc _cHN _hक _mशर्माअ |
||
| 999 |
_c104093 _d104093 |
||